000 00732nam a2200241Ia 4500
003 OSt
005 20220926001145.0
006 a|||||r|||| 00| 0
007 ta
008 220923b |||||||| |||| 00| 0 eng d
037 _cGeneral Book
040 _aRTL
_cRTL
_beng
041 _2eng
_aeng
082 _aX:93.2.N72<--N71t, L1/GD
110 _aINDIA, FINANCE(Ministry of--).
_9303475
245 0 _aEstimates committee (1972-73)
_b Ninth report.
260 _a New Delhi
_bLok Sabha Secretariat
_c1973
300 _avii,22p.
_ccm.
500 _aAppendix: 22p.
700 _aINDIA, FINANCE(Ministry of--).
_9303476
942 _hX:93.2.N72<--N71t, L1/GD
_cGB
_2CC
999 _c600710
_d600710